LIBRARY ONLINE CATALOGUE

Strategic marketing channel management / (Record no. 3159)

MARC details
000 -LEADER
fixed length control field 00766nam a22002292 4500
001 - CONTROL NUMBER
control field 0000007126
005 - DATE AND TIME OF LATEST TRANSACTION
control field 20151217145834.0
008 - FIXED-LENGTH DATA ELEMENTS--GENERAL INFORMATION
fixed length control field 071119s xx 000 0 eng d
020 ## - INTERNATIONAL STANDARD BOOK NUMBER
International Standard Book Number 0070586691 :
Terms of availability KES 1050
040 ## - CATALOGING SOURCE
Original cataloging agency KABU
Transcribing agency KABU
100 1# - MAIN ENTRY--PERSONAL NAME
Personal name Bowersox, Donald J.
-- 0000158195
245 10 - TITLE STATEMENT
Title Strategic marketing channel management /
Statement of responsibility, etc. Donald J. Bowersox, M. Bixby Cooper.
260 ## - PUBLICATION, DISTRIBUTION, ETC. (IMPRINT)
Place of publication, distribution, etc. New Delhi :
Name of publisher, distributor, etc. Tata McGraw-Hill,
Date of publication, distribution, etc. 1992.
300 ## - PHYSICAL DESCRIPTION
Extent xix, 488 p.
650 #0 - SUBJECT ADDED ENTRY--TOPICAL TERM
Topical term or geographic name as entry element Marketing channels
General subdivision Management.
-- 0000148300
650 #0 - SUBJECT ADDED ENTRY--TOPICAL TERM
Topical term or geographic name as entry element Business logistics.
-- 0000148287
650 #0 - SUBJECT ADDED ENTRY--TOPICAL TERM
Topical term or geographic name as entry element Physical distribution of goods.
-- 0000158196
700 1# - ADDED ENTRY--PERSONAL NAME
Personal name Cooper, M. Bixby.
-- 0000158197
908 ## - PUT COMMAND PARAMETER (RLIN)
Put command parameter 071119
950 ## - LOCAL HOLDINGS (RLIN)
-- 1
Holdings
Withdrawn status Lost status Source of classification or shelving scheme Not for loan Home library Current library Date acquired Total Checkouts Total Renewals Full call number Barcode Date last seen Date last checked out Price effective from Koha item type
    Library of Congress Classification   Kabarak, Main Campus Kabarak, Main Campus 17/12/2015 2 1 HF5415.129 .B69 011101 13/09/2016 01/08/2016 17/12/2015 General Collection